Hisap parikshan paddhoti : (Record no. 6011)

MARC details
000 -LEADER
fixed length control field 00474cam a2200181ua 4500
008 - FIXED-LENGTH DATA ELEMENTS--GENERAL INFORMATION
fixed length control field 140301n ii |||gr||||Z||||||eng
040 ## - CATALOGING SOURCE
Transcribing agency MAIN
082 ## - DEWEY DECIMAL CLASSIFICATION NUMBER
Classification number 657.2
245 ## - TITLE STATEMENT
Title Hisap parikshan paddhoti :
Remainder of title tattwa aru prayog /
Statement of responsibility, etc. By Pradip Bora .
250 ## - EDITION STATEMENT
Edition statement 2nd ed.
260 ## - PUBLICATION, DISTRIBUTION, ETC.
Place of publication, distribution, etc. Guwahati:
Name of publisher, distributor, etc. Assam book depot,
Date of publication, distribution, etc. 1997.
300 ## - PHYSICAL DESCRIPTION
Extent x,524p.
700 ## - ADDED ENTRY--PERSONAL NAME
Personal name Bora,Pradip,
Relator term
942 ## - ADDED ENTRY ELEMENTS (KOHA)
Koha item type Books
653 ## - INDEX TERM--UNCONTROLLED
Uncontrolled term Accounting
653 ## - INDEX TERM--UNCONTROLLED
Uncontrolled term Hisap parikshan paddhoti
Holdings
Withdrawn status Lost status Damaged status Not for loan Home library Current library Shelving location Date acquired Total Checkouts Full call number Barcode Date last seen Copy number Price effective from Koha item type
        Central Library, Naharkatiya College Central Library, Naharkatiya College General Stacks 19/09/2020   657.2 | BOR 13232 19/09/2020 1 19/09/2020 Books
        Central Library, Naharkatiya College Central Library, Naharkatiya College General Stacks 19/09/2020   657.2 | BOR 13235 19/09/2020 2 19/09/2020 Books

Naharkatiya College © 2020. All rights reserved.

Powered By